Statistics for Greek Super League Leading Scorer by Year

Click here to take the quiz!

General Stats

  • This quiz has been taken 34 times
    (27 since last reset)
  • The average score is 11 of 18

Answer Stats

Year#ClubPlayer% Correct
202122OlympiacosYoussef El-Arabi
91%
202020OlympiacosYoussef El-Arabi
91%
201819PAOKAleksandar Prijović
82%
201722PanathinaikosMarcus Berg
82%
201120PanathinaikosDjibril Cissé
77%
201023PanathinaikosDjibril Cissé
77%
200819AEK AthensIsmael Blanco
73%
200914AEK AthensIsmael Blanco
73%
201618OlympiacosKostas Fortounis
73%
201919AtromitiosEfthimis Koulouris
64%
202217VolosTom van Weert
64%
201517Asteras TripoliJerónimo Barrales
55%
201222OlympiacosKevin Mirallas
55%
201320OlympiacosRafik Djebbour
55%
200914OlympiacosLuciano Galletti
41%
200718AEK AthensNikos Liberopoulos
27%
202318OlympiacosCédric Bakambu
18%
201416Skoda XanthiEsteban Solari
14%

Score Distribution

Percentile by Number Answered

Percent of People with Each Score

Your Score History

You have not taken this quiz since the last reset